000 00705nam a2200193 4500
008 171205b xxu||||| |||| 00| 0 eng d
020 _a0763731838
082 _22005
_aDC 610.73
_bD74h
100 _924184
_aDossey, Barbara Montgomery,author.
245 _aHolistic nursing :
_b a handbook for practice /
_c Barbara Montgomery Dossey, Lynn Keegan, Cathie E. Guzzetta.
250 _aFourth edition.
260 _aSudbury, Mass. :
_bJones and Bartlett,
_c©2005.
300 _axxix, 942 pages :
_billustrations ;
_c26 cm.
500 _aIncludes index.
650 0 _924186
_aHolistic Nursing.
700 _924187
_aKeegan, Lynn,author.
700 _924188
_aGuzzetta, Cathie E.,author.
942 _2ddc
_cDC
999 _c7899
_d7899